Politiques Français Par Images #1 - Statistiques

Statistiques générales
  • Ce quiz a été pris 2 050 fois
    2 000 depuis la dernière actualisation
  • Le résultat moyen est 17 sur 20
Statistiques - réponses
Par images Réponse % Correct
Éric Zemmour
98%
Marine Le Pen
98%
Emmanuel Macron
97%
François Hollande
96%
Jean-Luc Mélenchon
95%
Jordan Bardella
95%
Valérie Pécresse
95%
Nicolas Sarkozy
94%
Charles De Gaulle
93%
Anne Hidalgo
92%
Jean Lassalle
88%
Philippe Poutou
88%
François Mitterrand
87%
Fabien Roussel
73%
Nathalie Arthaud
68%
Nicolas Dupont-Aignan
67%
Benoît Hamon
62%
Yannick Jadot
60%
Alain Juppé
56%
Adrien Quatennens
55%
Aucun quiz correspondant
Distribution des résultats
% des personnes avec chaque résultat
Percentile par nombre de réponses
Votre historique - résultats
Vous n’avez pas pris ce quiz depuis la dernière actualisation